<?xml version="1.0" encoding="UTF-8"?>
<record
    xmlns:xsi="http://www.w3.org/2001/XMLSchema-instance"
    xsi:schemaLocation="http://www.loc.gov/MARC21/slim http://www.loc.gov/standards/marcxml/schema/MARC21slim.xsd"
    xmlns="http://www.loc.gov/MARC21/slim">

  <leader>01359nab a2200217 i 4500</leader>
  <controlfield tag="001">BPP</controlfield>
  <controlfield tag="003">BPK</controlfield>
  <controlfield tag="005">20190610114319.0</controlfield>
  <controlfield tag="008">150525s1990    pl  n  f     |000  0pol</controlfield>
  <datafield tag="040" ind1=" " ind2=" ">
    <subfield code="c">BPK</subfield>
  </datafield>
  <datafield tag="080" ind1=" " ind2=" ">
    <subfield code="a">621.9</subfield>
  </datafield>
  <datafield tag="100" ind1=" " ind2=" ">
    <subfield code="a">HRYNIEWICZ, Tadeusz.</subfield>
    <subfield code="d">1971 - 1996.</subfield>
    <subfield code="b">Wy&#x17C;sza Szko&#x142;a In&#x17C;ynierska w Koszalinie - Wydzia&#x142; Mechaniczny,</subfield>
    <subfield code="c">Zak&#x142;ad Elektrotechniki i Elektrochemii</subfield>
  </datafield>
  <datafield tag="245" ind1=" " ind2=" ">
    <subfield code="a">Czysto&#x15B;&#x107; powierzchni metali i metody jej oceny =</subfield>
    <subfield code="b">Metal surface cleanliness and the methods of the evaluating /</subfield>
    <subfield code="c">Tadeusz Hryniewicz.</subfield>
  </datafield>
  <datafield tag="260" ind1=" " ind2=" ">
    <subfield code="c">1990.</subfield>
  </datafield>
  <datafield tag="500" ind1=" " ind2=" ">
    <subfield code="a">Dane z autopsji.</subfield>
  </datafield>
  <datafield tag="520" ind1=" " ind2=" ">
    <subfield code="a">Czysto&#x15B;&#x107; powierzchni przed na&#x142;o&#x17C;eniem r&#xF3;&#x17C;nego rodzaju pow&#x142;ok ochronnych i dekoracyjnych odgrywa zasadnicz&#x105; rol&#x119; w ich jako&#x15B;ci i trwa&#x142;o&#x15B;ci adhezji tych pow&#x142;ok do pod&#x142;o&#x17C;a. W artykule zwr&#xF3;cono uwag&#x119; na niekt&#xF3;re metody oceny powierzchni metali, zwi&#x105;zane w szczeg&#xF3;lno&#x15B;ci z ich energi&#x105; powierzchniow&#x105;. Stopie&#x144; czysto&#x15B;ci powierzchni metali powinien by&#x107; r&#xF3;&#x17C;ny dla r&#xF3;&#x17C;nych technologii. Zaprezentowano now&#x105; metod&#x119; badania czysto&#x15B;ci powierzchni wraz z wykazem roztwor&#xF3;w do oceny powierzchni stali.</subfield>
  </datafield>
  <datafield tag="650" ind1=" " ind2="0">
    <subfield code="a">Pow&#x142;oki ochronne.</subfield>
  </datafield>
  <datafield tag="650" ind1=" " ind2="0">
    <subfield code="a">In&#x17C;ynieria powierzchni</subfield>
  </datafield>
  <datafield tag="773" ind1=" " ind2=" ">
    <subfield code="i">W :</subfield>
    <subfield code="t">Zeszyty Naukowe Wydzia&#x142;u Mechanicznego Wy&#x17C;szej Szko&#x142;y In&#x17C;ynierskiej w Koszalinie. -</subfield>
    <subfield code="g">1990, nr 14 [37], s. 77-90</subfield>
  </datafield>
  <datafield tag="942" ind1=" " ind2=" ">
    <subfield code="c">ART</subfield>
    <subfield code="2">UKD</subfield>
  </datafield>
  <datafield tag="999" ind1=" " ind2=" ">
    <subfield code="c">445</subfield>
    <subfield code="d">445</subfield>
  </datafield>
  <datafield tag="952" ind1=" " ind2=" ">
    <subfield code="0">0</subfield>
    <subfield code="1">0</subfield>
    <subfield code="4">0</subfield>
    <subfield code="7">0</subfield>
    <subfield code="a">BPK</subfield>
    <subfield code="b">BPK</subfield>
    <subfield code="o">0100</subfield>
    <subfield code="y">ART</subfield>
  </datafield>
</record>
